000 00569nam a2200205 i 4500
001 C2-0304431
003 PPAK
005 20180728085511.0
008 100523s1966 si |||| ||||| | eng d
040 _aPPAK
_beng
_cPPAK
_erda
082 0 4 _a895.1
_223
090 0 0 _a895.1
_bANT
_dKIH
245 0 3 _aAn anthology of modern malaysian chinese stories
264 1 _aSingapore :
_bHeinemann educational books ,
_c1966
300 _a201 pages ;
_c18 cm
336 _2rdacontent
_atext
337 _2rdamedia
_aunmediated
338 _2rdacarrier
_avolume
942 _ddc
_cB
999 _c107565
_d107565